<?xml version="1.0" encoding="UTF-8"?>
<record
    xmlns:xsi="http://www.w3.org/2001/XMLSchema-instance"
    xsi:schemaLocation="http://www.loc.gov/MARC21/slim http://www.loc.gov/standards/marcxml/schema/MARC21slim.xsd"
    xmlns="http://www.loc.gov/MARC21/slim">

  <leader>01479nam a2200409 a 4500</leader>
  <datafield tag="999" ind1=" " ind2=" ">
    <subfield code="c">22903</subfield>
    <subfield code="d">22903</subfield>
  </datafield>
  <controlfield tag="001">vtls001460463</controlfield>
  <controlfield tag="005">20201015073751.0</controlfield>
  <controlfield tag="008">180216s2003    xo a             0  slo  </controlfield>
  <datafield tag="020" ind1=" " ind2=" ">
    <subfield code="a">8080462437</subfield>
  </datafield>
  <datafield tag="035" ind1=" " ind2=" ">
    <subfield code="a">SNK000415770</subfield>
  </datafield>
  <datafield tag="035" ind1=" " ind2=" ">
    <subfield code="a">urn:nbn:sk:snk-amygyg</subfield>
  </datafield>
  <datafield tag="035" ind1=" " ind2=" ">
    <subfield code="a">urn:nbn:sk:snk-am00ck7t</subfield>
  </datafield>
  <datafield tag="035" ind1=" " ind2=" ">
    <subfield code="a">54E4C348-94CB-46DB-829A-C70D72B7FDF9</subfield>
  </datafield>
  <datafield tag="040" ind1=" " ind2=" ">
    <subfield code="a">SNK</subfield>
    <subfield code="b">slo</subfield>
    <subfield code="c">SNK</subfield>
    <subfield code="e">AACR2</subfield>
  </datafield>
  <datafield tag="041" ind1="0" ind2=" ">
    <subfield code="a">slo</subfield>
  </datafield>
  <datafield tag="044" ind1=" " ind2=" ">
    <subfield code="a">xo</subfield>
    <subfield code="c">SK</subfield>
  </datafield>
  <datafield tag="072" ind1=" " ind2="7">
    <subfield code="a">613</subfield>
    <subfield code="x">Hygiena. &#x13D;udsk&#xE9; zdravie</subfield>
    <subfield code="2">konspekt</subfield>
  </datafield>
  <datafield tag="080" ind1=" " ind2=" ">
    <subfield code="a">613.9</subfield>
    <subfield code="2">1981</subfield>
  </datafield>
  <datafield tag="080" ind1=" " ind2=" ">
    <subfield code="a">618.2/.7</subfield>
    <subfield code="2">1981</subfield>
  </datafield>
  <datafield tag="080" ind1=" " ind2=" ">
    <subfield code="a">(035)</subfield>
    <subfield code="2">1981</subfield>
  </datafield>
  <datafield tag="080" ind1=" " ind2=" ">
    <subfield code="a">(084.12)</subfield>
    <subfield code="2">1981</subfield>
  </datafield>
  <datafield tag="100" ind1="1" ind2=" ">
    <subfield code="a">Fenwick, Elizabeth</subfield>
    <subfield code="9">1845</subfield>
  </datafield>
  <datafield tag="240" ind1="1" ind2="0">
    <subfield code="a">The complete book of mother and baby care</subfield>
    <subfield code="l">Slovensky</subfield>
  </datafield>
  <datafield tag="245" ind1="1" ind2=" ">
    <subfield code="a">Ve&#x13E;k&#xE1; kniha o matke a die&#x165;ati</subfield>
    <subfield code="c">Elizabeth Fenwickov&#xE1; ; [z anglick&#xE9;ho origin&#xE1;lu prelo&#x17E;ili Adela B&#xF6;hmerov&#xE1; a Be&#xE1;ta Baranov&#xE1;]</subfield>
  </datafield>
  <datafield tag="250" ind1=" " ind2=" ">
    <subfield code="a">11. podstatne preprac. vyd.</subfield>
  </datafield>
  <datafield tag="260" ind1=" " ind2=" ">
    <subfield code="a">Bratislava</subfield>
    <subfield code="b">Perfekt</subfield>
    <subfield code="c">2003</subfield>
  </datafield>
  <datafield tag="300" ind1=" " ind2=" ">
    <subfield code="a">264 s.</subfield>
    <subfield code="b">fareb. fotogr., tab.</subfield>
    <subfield code="c">29 cm</subfield>
  </datafield>
  <datafield tag="500" ind1=" " ind2=" ">
    <subfield code="a">Rozlo&#x17E;. fareb. fotogr. na tit. strane</subfield>
  </datafield>
  <datafield tag="500" ind1=" " ind2=" ">
    <subfield code="a">Na tit. strane uveden&#xE9; Nov&#xE9;, d&#xF4;kladne prepracovan&#xE9; vydanie</subfield>
  </datafield>
  <datafield tag="650" ind1="0" ind2="7">
    <subfield code="a">starostlivos&#x165; o die&#x165;a</subfield>
    <subfield code="2">SNKPH</subfield>
    <subfield code="9">1841</subfield>
  </datafield>
  <datafield tag="650" ind1="0" ind2="7">
    <subfield code="a">tehotenstvo</subfield>
    <subfield code="2">SNKPH</subfield>
    <subfield code="9">1624</subfield>
  </datafield>
  <datafield tag="655" ind1=" " ind2="7">
    <subfield code="a">pr&#xED;ru&#x10D;ky</subfield>
    <subfield code="2">SNKPH</subfield>
    <subfield code="9">1541</subfield>
  </datafield>
  <datafield tag="655" ind1=" " ind2="7">
    <subfield code="a">fotografick&#xE9; publik&#xE1;cie</subfield>
    <subfield code="2">SNKPH</subfield>
    <subfield code="9">1846</subfield>
  </datafield>
  <datafield tag="700" ind1="1" ind2=" ">
    <subfield code="a">B&#xF6;hmerov&#xE1;, Ada,</subfield>
    <subfield code="d">1947-</subfield>
    <subfield code="4">trl</subfield>
    <subfield code="9">1843</subfield>
  </datafield>
  <datafield tag="700" ind1="1" ind2=" ">
    <subfield code="a">Baranov&#xE1;, Be&#xE1;ta</subfield>
    <subfield code="4">trl</subfield>
    <subfield code="9">1844</subfield>
  </datafield>
  <datafield tag="952" ind1=" " ind2=" ">
    <subfield code="0">0</subfield>
    <subfield code="1">0</subfield>
    <subfield code="2">udc</subfield>
    <subfield code="4">0</subfield>
    <subfield code="7">0</subfield>
    <subfield code="8">D</subfield>
    <subfield code="a">10000</subfield>
    <subfield code="b">10000</subfield>
    <subfield code="d">2020-10-15</subfield>
    <subfield code="i">21254</subfield>
    <subfield code="l">1</subfield>
    <subfield code="o">S1494</subfield>
    <subfield code="p">S1494</subfield>
    <subfield code="r">2021-08-17</subfield>
    <subfield code="s">2021-06-29</subfield>
    <subfield code="w">2020-10-15</subfield>
    <subfield code="y">OLDO</subfield>
  </datafield>
</record>
